| 000 | 01294nam a2200361 i 4500 | ||
|---|---|---|---|
| 003 | DO-SdBNP | ||
| 005 | 20260417103551.0 | ||
| 007 | ta | ||
| 008 | 201207b 2010 dr 00| 0 eng d | ||
| 020 | _a9789945003093 | ||
| 040 |
_aDO-SdBNP _bspa _cBNPHU _erda |
||
| 041 | _aspa | ||
| 082 | 4 |
_a332.75 _bA282b _222 |
|
| 100 | 1 |
_aAguasvivas, Freddy, _d1956- _eautor _4aut. _912355 |
|
| 245 | 1 | 3 |
_aEl banquero del presidente / _cFreddy Aguasvivas. |
| 250 | _aprimera edición | ||
| 264 | 4 |
_aSanto Domingo, República Dominicana : _bEditora Mediabyte, _c©2010. |
|
| 300 |
_a582 páginas ; _c22 cm. _e+ DVD |
||
| 336 |
_atexto _btxt _2rdacontent |
||
| 337 |
_asinmediación _bn _2rdamedia |
||
| 338 |
_avolumen _bnc _2rdacarrier |
||
| 500 | _aincluye índice onomástico. | ||
| 500 | _aIncluye datos biográficos del autor en la solapa de la cubierta. | ||
| 500 | _aIncluye referencias bibliográficas y notas al pie de las páginas. | ||
| 590 | _aInventariado, 2020 /LP | ||
| 650 | 4 |
_aCrisis bancaria _913093 |
|
| 650 | 4 |
_aFraude bancario _931889 |
|
| 650 | 4 |
_aBancos _xPrácticas corruptas _912357 |
|
| 651 | 4 |
_aRepública Dominicana _xPolítica financiera _931890 |
|
| 651 | 4 |
_aRepública Dominicana _xCondiciones económicas _9281 |
|
| 910 | _aValidado. Control de calidad EMS | ||
| 942 |
_2ddc _cLBS1 |
||
| 999 |
_c49260 _d49260 |
||